[Event "ITA-ch U16 feminile"]
[Site "Merano"]
[Date "2008.07.06"]
[Round "1"]
[White "Messina, Roberta"]
[Black "Pascalis, Valentina"]
[Result "1-0"]
[WhiteElo "1904"]
[BlackElo "1464"]
[PlyCount "105"]
[EventDate "2008.07.??"]

1. e4 e5 2. Nf3 Nc6 3. d4 exd4 4. Nxd4 Bc5 5. Be3 Qf6 6. c3 Nge7 7. Bc4 O-O 8.
O-O d6 9. Kh1 Qg6 10. f3 Kh8 11. Nd2 f5 12. Nxc6 Nxc6 13. Bxc5 dxc5 14. Bd3 Ne5
15. exf5 Bxf5 16. Bxf5 Qxf5 17. Ne4 Rad8 18. Qe2 b6 19. Rad1 a5 20. Rd2 Rxd2
21. Qxd2 Qf4 22. Qxf4 Rxf4 23. Rd1 h6 24. Kg1 Kh7 25. Kf2 g5 26. Rd5 Rf5 27.
Ke2 c6 28. Rd6 Kg7 29. Re6 Ng6 30. Rxc6 Nf4+ 31. Kf1 Nd5 32. Kf2 g4 33. Rd6 Nf4
34. Rxb6 gxf3 35. gxf3 Nd3+ 36. Ke3 Ne5 37. Rb7+ Kf8 38. Ng3 Rf7 39. Rb8+ Kg7
40. Nh5+ Kg6 41. Nf4+ Kg7 42. Ne6+ Kg6 43. Nxc5 Nxf3 44. Nd3 Kh7 45. h3 Ng5 46.
h4 Re7+ 47. Kf4 Re4+ 48. Kf5 Rxh4 49. Rb7+ Kg8 50. Kg6 Ne6 51. Rb8+ Nf8+ 52.
Kf6 Rf4+ 53. Nxf4 1-0

[Event "ITA-ch U16 feminile"]
[Site "Merano"]
[Date "2008.07.06"]
[Round "1"]
[White "Thuile, Carla"]
[Black "Tampoia, Chiara"]
[Result "0-1"]
[WhiteElo "1440"]
[BlackElo "1901"]
[PlyCount "68"]
[EventDate "2008.07.??"]

1. e4 e5 2. Nf3 Nc6 3. Bc4 Nf6 4. Ng5 d5 5. exd5 Nxd5 6. Nc3 Qxg5 7. Bxd5 Qg6
8. O-O Nd4 9. d3 c6 10. Bf3 Bd6 11. Re1 Bf5 12. Be3 O-O 13. Bxd4 exd4 14. Ne4
Bc7 15. Nc5 Qd6 16. g3 Qxc5 17. Qd2 Ba5 18. c3 dxc3 19. Qc2 Rad8 20. Re3 Qd4
21. bxc3 Qxc3 22. Qxc3 Bxc3 23. Rd1 Rd6 24. Re7 Rd7 25. Rxd7 Bxd7 26. Rc1 Ba5
27. d4 Be6 28. a3 Rd8 29. Rb1 Bb6 30. h3 Rxd4 31. Re1 h6 32. g4 Rd2 33. Be2 Ra2
34. Kg2 Ba5 0-1

[Event "ITA-ch U16 feminile"]
[Site "Merano"]
[Date "2008.07.07"]
[Round "2"]
[White "Tampoia, Chiara"]
[Black "Pignatelli, Francesca"]
[Result "1/2-1/2"]
[WhiteElo "1901"]
[BlackElo "1644"]
[PlyCount "41"]
[EventDate "2008.07.??"]

1. e4 e5 2. Nf3 Nc6 3. Bc4 d6 4. Nc3 Be7 5. d3 Bg4 6. h3 Bh5 7. g4 Bg6 8. Be3
h6 9. Qd2 Bf6 10. O-O-O a6 11. Kb1 Na5 12. Bb3 Nxb3 13. cxb3 Ne7 14. d4 exd4
15. Nxd4 d5 16. f3 c5 17. Nf5 d4 18. Qh2 Bxf5 19. exf5 Qc8 20. Ne4 Qc6 21. Bf4
1/2-1/2

[Event "ITA-ch U16 feminile"]
[Site "Merano"]
[Date "2008.07.08"]
[Round "3"]
[White "Messina, Roberta"]
[Black "Tampoia, Chiara"]
[Result "1/2-1/2"]
[WhiteElo "1904"]
[BlackElo "1901"]
[PlyCount "80"]
[EventDate "2008.07.??"]

1. e4 e5 2. Nf3 Nc6 3. Bc4 Bc5 4. c3 Nf6 5. d3 d6 6. h3 h6 7. Nbd2 a6 8. Bb3
Ne7 9. Nf1 Ng6 10. Be3 Ba7 11. Qe2 Bxe3 12. fxe3 Qe7 13. Ng3 c6 14. O-O O-O 15.
Nd2 d5 16. Rf2 Be6 17. d4 exd4 18. exd4 dxe4 19. Ndxe4 Nxe4 20. Qxe4 Bxb3 21.
Qxe7 Nxe7 22. axb3 Nd5 23. Re1 Rae8 24. Rfe2 Rxe2 25. Rxe2 Nf4 26. Re7 Nd3 27.
Rxb7 Nxb2 28. Rc7 Rb8 29. b4 Rb6 30. Nf5 Nd1 31. Rxc6 Rxc6 32. Ne7+ Kf8 33.
Nxc6 Nxc3 34. Kf2 Nd5 35. Kf3 f5 36. g3 Kf7 37. Ne5+ Ke6 38. Nd3 Kd6 39. g4 g6
40. Kg3 Kc6 1/2-1/2

[Event "ITA-ch U16 feminile"]
[Site "Merano"]
[Date "2008.07.08"]
[Round "4"]
[White "Venturelli, Miriam"]
[Black "Messina, Roberta"]
[Result "0-1"]
[WhiteElo "1526"]
[BlackElo "1904"]
[PlyCount "62"]
[EventDate "2008.07.??"]

1. e4 c5 2. Nf3 d6 3. d4 cxd4 4. Nxd4 Nf6 5. Nc3 a6 6. Bc4 e6 7. Bg5 Be7 8. Qe2
Qc7 9. O-O-O h6 10. Bh4 Nc6 11. Nf3 b5 12. Bd3 Bb7 13. Rhe1 Qa5 14. Nd2 Nd4 15.
Qe3 e5 16. Kb1 Qc7 17. Bxf6 Bxf6 18. Ne2 Ne6 19. f4 Rc8 20. Nf3 Nc5 21. Rd2 b4
22. Red1 Na4 23. f5 Nc3+ 24. Nxc3 bxc3 25. bxc3 Qxc3 26. Qb6 O-O 27. Qxd6 Rb8
28. Re2 Bd5+ 29. Kc1 Bxa2 30. Qxf8+ Kxf8 31. Bxa6 Rb1# 0-1

[Event "ITA-ch U16 feminile"]
[Site "Merano"]
[Date "2008.07.09"]
[Round "5"]
[White "Casolino, Rosa Maria"]
[Black "Pignatelli, Francesca"]
[Result "1-0"]
[WhiteElo "1844"]
[BlackElo "1644"]
[PlyCount "59"]
[EventDate "2008.07.??"]

1. e4 e5 2. Nf3 Nc6 3. Bb5 a6 4. Ba4 Bc5 5. c3 Nf6 6. d3 d6 7. O-O Bd7 8. Re1
O-O 9. d4 exd4 10. cxd4 Bb4 11. Nc3 h6 12. Bc2 Bg4 13. Qd3 Bxf3 14. gxf3 Ne7
15. f4 Ng6 16. f5 Ne7 17. Kh1 Kh7 18. Qh3 Nfg8 19. Rg1 Bxc3 20. bxc3 Qc8 21.
Bd2 g6 22. Rg4 h5 23. Rg5 Nh6 24. Rag1 Rg8 25. R5g2 Qe8 26. Qe3 Qf8 27. f6 Nc6
28. Bd1 d5 29. Bxh5 dxe4 30. Bg4 1-0

[Event "ITA-ch U16 feminile"]
[Site "Merano"]
[Date "2008.07.10"]
[Round "6"]
[White "Polin, Giulia"]
[Black "Casolino, Rosa Maria"]
[Result "1/2-1/2"]
[WhiteElo "1551"]
[BlackElo "1844"]
[PlyCount "51"]
[EventDate "2008.07.??"]

1. e4 c6 2. d4 d5 3. e5 Bf5 4. Nd2 e6 5. Nb3 Nd7 6. Nf3 h6 7. Be2 Qc7 8. O-O
Ne7 9. Bd2 g5 10. Ba5 b6 11. Bd2 Ng6 12. Be3 Be7 13. c4 f6 14. exf6 Nxf6 15.
Rc1 Rc8 16. cxd5 exd5 17. a4 Be6 18. Rxc6 Qb8 19. Rxc8+ Bxc8 20. Bb5+ Kf7 21.
g3 g4 22. Nfd2 h5 23. f4 h4 24. Bd3 hxg3 25. Bxg6+ Kxg6 26. hxg3 1/2-1/2

[Event "ITA-ch U16 feminile"]
[Site "Merano"]
[Date "2008.07.10"]
[Round "7"]
[White "Messina, Roberta"]
[Black "Casolino, Rosa Maria"]
[Result "1-0"]
[WhiteElo "1904"]
[BlackElo "1844"]
[PlyCount "39"]
[EventDate "2008.07.??"]

1. e4 c6 2. d4 d5 3. Nc3 g6 4. Nf3 Bg7 5. e5 h5 6. Bd3 Nh6 7. Ne2 Be6 8. h3 Qc8
9. Be3 Bf5 10. Ng3 Bxd3 11. Qxd3 Nd7 12. e6 Nf8 13. Bxh6 Bxh6 14. exf7+ Kxf7
15. Ne5+ Kg7 16. O-O Qd8 17. f4 e6 18. Rae1 Nd7 19. f5 h4 20. Nxd7 1-0

[Event "ITA-ch U16 feminile"]
[Site "Merano"]
[Date "2008.07.11"]
[Round "8"]
[White "De Giorgi, Francesca"]
[Black "Messina, Roberta"]
[Result "0-1"]
[WhiteElo "1371"]
[BlackElo "1904"]
[PlyCount "114"]
[EventDate "2008.07.??"]

1. e4 c5 2. Nf3 d6 3. Bb5+ Bd7 4. Bxd7+ Qxd7 5. c3 Nf6 6. e5 dxe5 7. Nxe5 Qe6
8. Qe2 Nc6 9. Nxc6 Qxc6 10. f3 e6 11. Na3 a6 12. Nc4 Be7 13. d3 O-O 14. Be3
Rac8 15. O-O Rfd8 16. Rfd1 b5 17. Ne5 Qc7 18. d4 cxd4 19. cxd4 Qc2 20. Rd2 Qc7
21. Rdd1 Nd5 22. Rac1 Qb7 23. Bd2 Qb6 24. Rxc8 Rxc8 25. Bc1 f6 26. Nd7 Qc7 27.
Nc5 Bxc5 28. dxc5 Qxc5+ 29. Kh1 Kf7 30. h3 Qc2 31. Qf1 Rc7 32. f4 Ne7 33. Qf3
Nf5 34. Bd2 Qxb2 35. a3 Ne7 36. Ba5 Rc1 37. Bb4 Qc2 38. Re1 Rxe1+ 39. Bxe1 Qc1
40. Qc3 Qxc3 41. Bxc3 Nd5 42. Bd2 Ke7 43. g3 Kd6 44. Kg2 Kc5 45. Kf3 Kc4 46.
Ke4 Nc3+ 47. Ke3 Nb1 48. Bb4 Kb3 49. Bf8 g6 50. g4 Nxa3 51. h4 Nc4+ 52. Kd3 a5
53. Bg7 f5 54. gxf5 exf5 55. Be5 a4 56. Ke2 a3 57. Bf6 Nb2 0-1

[Event "ITA-ch U16 feminile"]
[Site "Merano"]
[Date "2008.07.12"]
[Round "9"]
[White "Messina, Roberta"]
[Black "Delago, Elisabeth"]
[Result "1-0"]
[WhiteElo "1904"]
[BlackElo "1464"]
[PlyCount "77"]
[EventDate "2008.07.??"]

1. e4 c6 2. d4 d5 3. Nc3 dxe4 4. Nxe4 f5 5. Ng5 Nf6 6. Bc4 Nd5 7. h4 Nd7 8. Ne6
Qb6 9. Bxd5 cxd5 10. Nxf8 Nxf8 11. Nf3 Qe6+ 12. Qe2 Qxe2+ 13. Kxe2 Ne6 14. Re1
Bd7 15. Kf1 O-O-O 16. Re5 f4 17. Bd2 Bb5+ 18. Kg1 Rd6 19. Bb4 Rc6 20. a4 Ba6
21. c3 Re8 22. Rxd5 Nc7 23. Re5 e6 24. Rg5 g6 25. Ne5 Rb6 26. a5 Rb5 27. Rg4
Nd5 28. Nf7 Kd7 29. Ba3 Rxa5 30. Ne5+ Kc8 31. c4 Nb6 32. b4 Ra4 33. b5 Nxc4 34.
Nxc4 Rxc4 35. bxa6 bxa6 36. Rxf4 e5 37. Re1 Ra4 38. Bc5 Kb7 39. Rf6 1-0

[Event "ITA-ch U14 feminile"]
[Site "Merano"]
[Date "2008.07.06"]
[Round "1"]
[White "Chiarion, Elisa"]
[Black "De Gobbi, Valeria"]
[Result "1-0"]
[WhiteElo "1897"]
[BlackElo "1440"]
[PlyCount "73"]
[EventDate "2008.07.??"]

1. e4 e5 2. Nf3 Nf6 3. Nc3 Nc6 4. Bc4 Bc5 5. O-O d6 6. h3 O-O 7. Re1 Be6 8. Bb3
Re8 9. d3 h6 10. Ne2 d5 11. exd5 Nxd5 12. Ng3 Nf6 13. c3 Qe7 14. Bc2 Rad8 15.
a4 a5 16. Qe2 Nd7 17. Nd2 Ba7 18. Ndf1 Qf6 19. Be3 Bxe3 20. Nxe3 g6 21. Ne4 Qe7
22. Nd2 Nc5 23. Nf3 Rd7 24. Red1 Red8 25. Rab1 h5 26. b4 axb4 27. cxb4 Nxb4 28.
Rxb4 Nxd3 29. Rxb7 e4 30. Ne1 Nf4 31. Qb5 Rxd1 32. Bxd1 Kh7 33. Qe5 Qh4 34. Rb2
Bxh3 35. g3 Rxd1 36. gxh4 Rxe1+ 37. Kh2 1-0

[Event "ITA-ch U14 feminile"]
[Site "Merano"]
[Date "2008.07.06"]
[Round "1"]
[White "Penzo, Martina"]
[Black "Doronzo, Eliana"]
[Result "0-1"]
[WhiteElo "1440"]
[BlackElo "1659"]
[PlyCount "88"]
[EventDate "2008.07.??"]

1. f4 d5 2. e3 Nf6 3. Nf3 b6 4. b3 Bb7 5. Bb2 e6 6. Be2 Nbd7 7. O-O Bc5 8. Qe1
Qe7 9. a3 a5 10. Bd3 O-O-O 11. Qe2 Rhg8 12. Ba6 Nh5 13. Bxb7+ Kxb7 14. b4 Bd6
15. bxa5 Ra8 16. axb6 Nxb6 17. Qb5 c6 18. Qb3 Kc7 19. d3 Na4 20. Be5 Rgb8 21.
Bxd6+ Qxd6 22. Qa2 Rb2 23. Qxb2 Nxb2 24. Nd4 f5 25. h3 Nf6 26. Nc3 Rb8 27. a4
Kd7 28. a5 Qb4 29. Nce2 c5 30. Nf3 Ke8 31. Ne5 Ra8 32. Rfb1 Rxa5 33. Rxa5 Qxa5
34. Kh2 Qa3 35. Nc1 Nd7 36. Nf3 Qc3 37. Ra1 Qxc2 38. Ra8+ Ke7 39. Na2 Nxd3 40.
Ra7 Qf2 41. Nc3 Ne1 42. Nxe1 Qxe1 43. Nb5 Qxe3 44. Ra4 c4 0-1

[Event "ITA-ch U14 feminile"]
[Site "Merano"]
[Date "2008.07.06"]
[Round "1"]
[White "Pistis, Sofia"]
[Black "Pavei, Deborah"]
[Result "0-1"]
[WhiteElo "1419"]
[BlackElo "1497"]
[PlyCount "114"]
[EventDate "2008.07.??"]

1. e4 c5 2. Bc4 d6 3. Nc3 Nc6 4. Nf3 a6 5. d4 cxd4 6. Nxd4 e6 7. Be2 Nf6 8. Bg5
Be7 9. Bxf6 Bxf6 10. Nxc6 bxc6 11. Qd3 d5 12. Rb1 O-O 13. f3 Rb8 14. b3 Qa5 15.
Kd2 d4 16. Ke1 Qxc3+ 17. Qxc3 dxc3 18. Rd1 Bb7 19. Kf2 Rfd8 20. Rhe1 c5 21. Bc4
Rd2+ 22. Kf1 Rxc2 23. a4 Rd2 24. Rxd2 cxd2 25. Rd1 Bc3 26. Ke2 Kf8 27. g4 Rd8
28. h3 g6 29. Ke3 Kg7 30. g5 h6 31. h4 hxg5 32. hxg5 Bc8 33. Ke2 a5 34. Ke3 e5
35. f4 exf4+ 36. Kxf4 f6 37. gxf6+ Kxf6 38. Kf3 Ke5 39. Ke3 Bg4 40. Be2 Bxe2
41. Kxe2 Kxe4 42. Rb1 g5 43. Rd1 g4 44. Rg1 d1=Q+ 45. Rxd1 Rxd1 46. Kxd1 Kf3
47. Kc2 Bb4 48. Kd3 g3 49. Kc4 g2 50. Kb5 g1=Q 51. Kc6 Qd4 52. Kb5 Ke4 53. Kb6
Kd5 54. Ka6 Kc6 55. Ka7 c4+ 56. Ka8 Kb6 57. Kb8 Qd8# 0-1

[Event "ITA-ch U14 feminile"]
[Site "Merano"]
[Date "2008.07.07"]
[Round "2"]
[White "Doronzo, Eliana"]
[Black "Attanasi, Alessandra"]
[Result "1-0"]
[WhiteElo "1659"]
[BlackElo "1461"]
[PlyCount "39"]
[EventDate "2008.07.??"]

1. e4 e5 2. Nf3 Nc6 3. d4 exd4 4. Nxd4 d6 5. Bc4 Nf6 6. O-O Be7 7. c3 O-O 8.
Nxc6 bxc6 9. Bd3 Be6 10. f4 Rb8 11. Qc2 g6 12. f5 Bd7 13. Bh6 Re8 14. h3 Kh8
15. g4 c5 16. Bc4 Qc8 17. Bxf7 Rd8 18. fxg6 hxg6 19. e5 Ne8 20. Qxg6 1-0

[Event "ITA-ch U14 feminile"]
[Site "Merano"]
[Date "2008.07.07"]
[Round "2"]
[White "Matuozzo, Daniela"]
[Black "Chiarion, Elisa"]
[Result "0-1"]
[WhiteElo "1461"]
[BlackElo "1897"]
[PlyCount "60"]
[EventDate "2008.07.??"]

1. e4 c5 2. Nc3 Nc6 3. g3 g6 4. Bg2 Bg7 5. d3 d6 6. f4 Nf6 7. Nf3 O-O 8. O-O a6
9. Qe1 Rb8 10. h3 h5 11. Nh4 Nd4 12. Qf2 b5 13. f5 Kh7 14. g4 hxg4 15. hxg4 b4
16. Nd1 Nxg4 17. Qg3 Ne2+ 18. Kh1 Nxg3+ 19. Kg1 Nxf1 20. fxg6+ fxg6 21. Bxf1
Qb6 22. Ne3 c4 23. Nhg2 cxd3 24. Bxd3 Bd4 25. Bd2 Nxe3 26. Nxe3 Bxe3+ 27. Bxe3
Qxe3+ 28. Kh1 Qh3+ 29. Kg1 Qg3+ 30. Kh1 Rh8 0-1

[Event "ITA-ch U14 feminile"]
[Site "Merano"]
[Date "2008.07.07"]
[Round "2"]
[White "Pavei, Deborah"]
[Black "Guerzoni, Matilde Alba"]
[Result "1-0"]
[WhiteElo "1497"]
[BlackElo "1476"]
[PlyCount "81"]
[EventDate "2008.07.??"]

1. c4 Nf6 2. b3 e5 3. Bb2 Nc6 4. e3 Bb4 5. Nf3 d6 6. Be2 O-O 7. a3 Ba5 8. O-O
Bg4 9. b4 Bb6 10. d3 a6 11. Nc3 Ne7 12. d4 Bxf3 13. Bxf3 exd4 14. exd4 Ba7 15.
Bxb7 Rb8 16. Bxa6 c6 17. c5 d5 18. Bc1 Ra8 19. Bd3 Qd7 20. Qf3 h6 21. Bf4 Nf5
22. Bxf5 Qxf5 23. Bd6 Qxf3 24. gxf3 Rfe8 25. Rfe1 Nh7 26. a4 Ng5 27. Kg2 Ne6
28. Red1 Bb8 29. Bxb8 Raxb8 30. b5 cxb5 31. axb5 Red8 32. b6 Kf8 33. Nb5 Rdc8
34. Ra7 Nxc5 35. Nd6 Rc6 36. dxc5 Rxc5 37. Rxf7+ Kg8 38. Rc7 Rxc7 39. bxc7 Rf8
40. c8=Q Rxc8 41. Nxc8 1-0

[Event "ITA-ch U14 feminile"]
[Site "Merano"]
[Date "2008.07.08"]
[Round "3"]
[White "Chiarion, Elisa"]
[Black "Venturelli, Ester"]
[Result "0-1"]
[WhiteElo "1897"]
[BlackElo "1515"]
[PlyCount "86"]
[EventDate "2008.07.??"]

1. e4 e5 2. Nf3 Nc6 3. Bc4 Nf6 4. d3 h6 5. c3 d6 6. O-O Bg4 7. Nbd2 d5 8. exd5
Nxd5 9. Re1 Nf6 10. Nxe5 Nxe5 11. Rxe5+ Be7 12. Qe1 c6 13. b3 Nd5 14. Bxd5 cxd5
15. Ba3 Be6 16. Bxe7 Qxe7 17. d4 O-O 18. Rxd5 Qf6 19. Re5 Rfe8 20. Qe3 Qg6 21.
Re1 Qc2 22. a4 Bd7 23. c4 Rxe5 24. dxe5 Re8 25. Nf3 Bc6 26. Nd4 Qb2 27. Nxc6
bxc6 28. h3 Rb8 29. Qxa7 Qxb3 30. Re3 Qb2 31. a5 Re8 32. Qc5 Qa1+ 33. Kh2 Qb2
34. Re4 Qc2 35. Qxc6 Rb8 36. a6 Qxf2 37. c5 Rb1 38. Qd7 Qg1+ 39. Kg3 Rb3+ 40.
Kh4 Qf2+ 41. Kh5 Qxg2 42. Qg4 Rxh3+ 43. Qxh3 Qg5# 0-1

[Event "ITA-ch U14 feminile"]
[Site "Merano"]
[Date "2008.07.08"]
[Round "3"]
[White "Cristallo, Irene"]
[Black "Doronzo, Eliana"]
[Result "0-1"]
[WhiteElo "1503"]
[BlackElo "1659"]
[PlyCount "86"]
[EventDate "2008.07.??"]

1. e4 e5 2. Nf3 Nc6 3. Bc4 Bc5 4. d3 Nf6 5. Be3 Bb6 6. c3 d6 7. Nbd2 Na5 8. Bb3
Nxb3 9. Qxb3 Be6 10. Qc2 Bxe3 11. fxe3 Ng4 12. Nf1 f5 13. exf5 Bxf5 14. h3 Nf6
15. Ng3 Be6 16. O-O O-O 17. d4 exd4 18. exd4 Bf7 19. Ng5 Bg6 20. Qb3+ Bf7 21.
Qxb7 Bd5 22. Qb5 h6 23. Rxf6 Qxf6 24. Qxd5+ Kh8 25. N5e4 Qf4 26. Re1 Rae8 27.
Nh5 Qh4 28. Re3 c6 29. Qxd6 Qxh5 30. Qxc6 Re7 31. d5 Qd1+ 32. Kh2 Qc1 33. d6
Re6 34. Qd5 Qxe3 35. Qxe6 Qb6 36. Qe7 Rd8 37. d7 Qc7+ 38. Qd6 Qxd6+ 39. Nxd6
Rxd7 40. Ne4 Kg8 41. b4 Re7 42. Nc5 Re3 43. Na4 Re2 0-1

[Event "ITA-ch U14 feminile"]
[Site "Merano"]
[Date "2008.07.08"]
[Round "3"]
[White "Russo, Ariana"]
[Black "Pavei, Deborah"]
[Result "1/2-1/2"]
[WhiteElo "1611"]
[BlackElo "1497"]
[PlyCount "76"]
[EventDate "2008.07.??"]

1. d4 e6 2. c4 c5 3. e3 d5 4. cxd5 Qxd5 5. Nc3 Qd8 6. Nf3 Nc6 7. Bd3 cxd4 8.
Nxd4 Nxd4 9. exd4 a6 10. O-O Nf6 11. Be3 Be7 12. h3 O-O 13. Qc2 g6 14. Rfd1 Nd5
15. Nxd5 Qxd5 16. Be4 Qb5 17. b3 Bg5 18. a4 Qa5 19. Bxg5 Qxg5 20. Qd2 Qf6 21.
Rac1 Rb8 22. Rc7 b5 23. axb5 axb5 24. Rdc1 Rd8 25. Qe3 Ba6 26. Rd1 Rbc8 27.
Rxc8 Rxc8 28. Qf3 Qxf3 29. Bxf3 b4 30. d5 Bb7 31. Rd4 Bxd5 32. Bxd5 exd5 33.
Rxb4 Rd8 34. Rd4 Rb8 35. b4 Rb5 36. Kf1 Kg7 37. Rd3 Rxb4 38. Rxd5 Rb2 1/2-1/2

[Event "ITA-ch U14 feminile"]
[Site "Merano"]
[Date "2008.07.08"]
[Round "4"]
[White "Doronzo, Eliana"]
[Black "Pes, Eleonora"]
[Result "1-0"]
[WhiteElo "1659"]
[BlackElo "1545"]
[PlyCount "120"]
[EventDate "2008.07.??"]

1. e4 e5 2. Nf3 Nc6 3. d4 exd4 4. Nxd4 Bc5 5. Be3 Qf6 6. c3 Nge7 7. g3 d6 8.
Bg2 O-O 9. O-O Bb6 10. f4 Be6 11. Qd3 Bd7 12. Nd2 Ng6 13. N2f3 Qe7 14. a4 a5
15. Nb5 f5 16. Nfd4 Rae8 17. Nxf5 Bxf5 18. Bxb6 Bxe4 19. Bxe4 Qxe4 20. Qxe4
Rxe4 21. Bxc7 d5 22. Rae1 Rfe8 23. Kf2 h5 24. Rxe4 dxe4 25. Re1 h4 26. Nd6 Re7
27. Bb6 hxg3+ 28. hxg3 Re6 29. Bc5 b6 30. Ba3 Nf8 31. Rxe4 Rf6 32. Nc4 Nd7 33.
Kg2 Kh7 34. b4 axb4 35. cxb4 Kg6 36. b5 Ncb8 37. Ne5+ Kf5 38. Re1 Re6 39. Nd3
Rxe1 40. Nxe1 Ke4 41. Kf2 Kd4 42. Bb2+ Kc4 43. Bxg7 Kb4 44. Nc2+ Kxa4 45. Nd4
Kb4 46. f5 Kc5 47. g4 Kd5 48. g5 Nc5 49. g6 Ne4+ 50. Ke3 Nd7 51. Bh8 Ne5 52.
Kf4 Nd7 53. Nc6 Nd6 54. Ne5 Ne8 55. Nxd7 Kd6 56. Nxb6 Kc5 57. f6 Kxb6 58. f7
Nd6 59. f8=Q Nxb5 60. Qb8+ Kc6 1-0

[Event "ITA-ch U14 feminile"]
[Site "Merano"]
[Date "2008.07.08"]
[Round "4"]
[White "Pavei, Deborah"]
[Black "Fuschillo, Maria"]
[Result "1/2-1/2"]
[WhiteElo "1497"]
[BlackElo "1389"]
[PlyCount "99"]
[EventDate "2008.07.??"]

1. c4 e5 2. b3 b6 3. Bb2 d6 4. e3 Bb7 5. Nf3 Nf6 6. d3 Be7 7. Be2 O-O 8. O-O
Nc6 9. Nc3 h6 10. a3 a6 11. Re1 Re8 12. d4 e4 13. Nd2 Nb8 14. d5 c6 15. dxc6
Bxc6 16. Qc2 Nbd7 17. Ncxe4 Nxe4 18. Nxe4 Bh4 19. Nxd6 Re6 20. Nf5 Qg5 21. Nxh4
Qxh4 22. Qf5 Rg6 23. g3 Rg5 24. Qd3 Re8 25. Bf1 Ree5 26. Bxe5 Nxe5 27. Qd8+ Kh7
28. Bd3+ g6 29. e4 Rxg3+ 30. hxg3 Qxd8 31. Re3 Nxd3 32. Rd1 Qg5 33. Rdxd3 Qh5
34. Rd6 Qc5 35. Rf6 h5 36. Rxf7+ Kh6 37. Rf6 Bd7 38. Kg2 Qg5 39. Rf8 Qg4 40.
Rf4 Qh3+ 41. Kg1 Kg5 42. Rh4 Qe6 43. Rf4 b5 44. c5 Qc6 45. b4 Qe6 46. Kg2 Kh6
47. Ref3 Qh3+ 48. Kg1 Bg4 49. Rd3 Kg5 50. c6 1/2-1/2

[Event "ITA-ch U14 feminile"]
[Site "Merano"]
[Date "2008.07.08"]
[Round "4"]
[White "Venturelli, Ester"]
[Black "Russo, Ariana"]
[Result "1-0"]
[WhiteElo "1515"]
[BlackElo "1611"]
[PlyCount "133"]
[EventDate "2008.07.??"]

1. e4 e6 2. d4 d5 3. e5 c5 4. c3 Nc6 5. Nf3 Qb6 6. Bd3 Bd7 7. Bc2 f6 8. O-O
cxd4 9. cxd4 f5 10. b3 Nb4 11. Ba3 Nxc2 12. Qxc2 Be7 13. Bxe7 Nxe7 14. Nc3 Rc8
15. Qd2 O-O 16. Rac1 Bc6 17. Ne2 Ng6 18. Qg5 Qc7 19. Nh4 Nxh4 20. Qxh4 Qf7 21.
Nf4 a5 22. Rc3 Kh8 23. Rg3 Kg8 24. Qh6 Rfe8 25. Nh5 g6 26. Nf6+ Kh8 27. Nxe8
Rxe8 28. Re1 Qg7 29. Qxg7+ Kxg7 30. Rc3 Ra8 31. f3 a4 32. b4 Rf8 33. a3 Rf7 34.
Rec1 Kg8 35. b5 Bxb5 36. Rc8+ Kg7 37. R8c7 Bc6 38. Rxf7+ Kxf7 39. Kf2 Kg7 40.
Ke3 Kf7 41. Rc5 Kg7 42. Ra5 Kf7 43. Ra8 Kg7 44. Rc8 Kf7 45. Rc7+ Kg8 46. Re7
Kf8 47. Rxh7 b5 48. Rc7 Be8 49. Rc8 Kf7 50. Rb8 Ke7 51. Kf4 Kf8 52. Kg5 Kf7 53.
g4 Ke7 54. h4 Kf7 55. h5 gxh5 56. gxh5 Ke7 57. h6 Kf7 58. h7 Kg7 59. Rxe8 Kxh7
60. Re7+ Kg8 61. Kf6 Kf8 62. Kxe6 Kg8 63. Rc7 Kf8 64. Rb7 Kg8 65. Kf6 Kh8 66.
Kg6 Kg8 67. Rb8# 1-0

[Event "ITA-ch U14 feminile"]
[Site "Merano"]
[Date "2008.07.09"]
[Round "5"]
[White "Chiarion, Elisa"]
[Black "Musolino, Anna"]
[Result "1-0"]
[WhiteElo "1897"]
[BlackElo "1440"]
[PlyCount "83"]
[EventDate "2008.07.??"]

1. e4 e5 2. Nf3 Nc6 3. Bc4 Nf6 4. d3 Bc5 5. c3 d6 6. O-O O-O 7. Nbd2 Bg4 8. Re1
Nh5 9. h3 Bd7 10. Nxe5 Nxe5 11. Qxh5 h6 12. d4 Nxc4 13. Nxc4 d5 14. Qxd5 Be7
15. Ne5 Be6 16. Qxb7 Bh4 17. Qa6 Qf6 18. Qe2 Rac8 19. Nf3 Qd8 20. Nxh4 Qxh4 21.
Qf3 Rce8 22. Qg3 Qxg3 23. fxg3 Bc4 24. Bf4 Re7 25. b3 Bd3 26. e5 c6 27. Re3 Bf5
28. g4 g5 29. Bxg5 hxg5 30. gxf5 Rfe8 31. Rg3 f6 32. exf6 Re1+ 33. Rxe1 Rxe1+
34. Kf2 Rc1 35. a4 Kf7 36. Rxg5 Kxf6 37. Rg6+ Kxf5 38. Rxc6 Rc2+ 39. Kf3 Rd2
40. g4+ Kg5 41. Rc5+ Kh4 42. Rh5# 1-0

[Event "ITA-ch U14 feminile"]
[Site "Merano"]
[Date "2008.07.09"]
[Round "5"]
[White "Lucana, Alexandra"]
[Black "Pavei, Deborah"]
[Result "0-1"]
[WhiteElo "1398"]
[BlackElo "1497"]
[PlyCount "164"]
[EventDate "2008.07.??"]

1. d4 e6 2. e4 c5 3. Nc3 cxd4 4. Qxd4 Nc6 5. Qe3 Be7 6. Nf3 Nb4 7. Bd3 d5 8. a3
Nxd3+ 9. Qxd3 dxe4 10. Qxe4 Nf6 11. Qe2 O-O 12. h3 Bd7 13. g4 Bc6 14. Bd2 Nd5
15. O-O-O Bf6 16. Ne5 Qc7 17. Rhe1 Bxe5 18. Qxe5 Qxe5 19. Rxe5 Nxc3 20. Bxc3
Bg2 21. h4 Bf3 22. Rd4 Rad8 23. g5 Rxd4 24. Bxd4 Rd8 25. c3 a6 26. Re3 Bg4 27.
f3 Bf5 28. f4 Rd5 29. b4 Kf8 30. Bc5+ Ke8 31. c4 Rd3 32. a4 Rxe3 33. Bxe3 Kd7
34. Kb2 h6 35. gxh6 gxh6 36. Kb3 h5 37. Bd4 Kd6 38. Kc3 Bg4 39. Be5+ Ke7 40. b5
axb5 41. axb5 Bf3 42. Kd4 f6 43. Bc7 Kf7 44. Kc5 Kg6 45. Kd6 Kf5 46. Ke7 Be2
47. b6 Bxc4 48. Kd7 e5 49. fxe5 fxe5 50. Kc8 Ba6 51. Kd8 e4 52. Ke7 e3 53. Bg3
Kg4 54. Be1 Bb5 55. Ke6 Kf3 56. Ke5 Ke2 57. Bg3 Kf1 58. Kf4 e2 59. Kg5 Be8 60.
Kf6 e1=Q 61. Bxe1 Kxe1 62. Ke7 Bc6 63. Kf6 Bf3 64. Kf5 Ke2 65. Kf4 Bg4 66. Ke5
Ke3 67. Kd6 Kf4 68. Kc7 Bf3 69. Kd6 Kg4 70. Ke6 Kxh4 71. Kf5 Kg3 72. Kg5 h4 73.
Kf5 h3 74. Kg5 h2 75. Kf5 h1=Q 76. Kg5 Qh5+ 77. Kf6 Kf4 78. Ke6 Qh6+ 79. Kd7
Ke5 80. Ke7 Qh7+ 81. Kd8 Kd6 82. Ke8 Qe7# 0-1

[Event "ITA-ch U14 feminile"]
[Site "Merano"]
[Date "2008.07.09"]
[Round "5"]
[White "Venturelli, Ester"]
[Black "Doronzo, Eliana"]
[Result "0-1"]
[WhiteElo "1515"]
[BlackElo "1659"]
[PlyCount "114"]
[EventDate "2008.07.??"]

1. e4 e5 2. Nf3 Nc6 3. d4 exd4 4. Nxd4 Bc5 5. Be3 Qf6 6. c3 Nge7 7. Bc4 d6 8.
O-O Ne5 9. Be2 Qg6 10. Bh5 Qxe4 11. Nd2 Qh4 12. Be2 Nd5 13. N4f3 Nxe3 14. Nxh4
Nxd1 15. Raxd1 O-O 16. Nhf3 Re8 17. Nb3 Bb6 18. Nxe5 Rxe5 19. Rfe1 Kf8 20. Bf3
f6 21. Kf1 Rxe1+ 22. Rxe1 c6 23. Nd2 d5 24. c4 Ba5 25. Re2 Bxd2 26. Rxd2 Be6
27. cxd5 Rd8 28. Ke1 Bxd5 29. Bxd5 Rxd5 30. Rxd5 cxd5 31. Kd2 Ke7 32. Kd3 Ke6
33. Kd4 Kd6 34. h3 g6 35. b3 a6 36. a3 g5 37. g3 b6 38. g4 a5 39. b4 axb4 40.
axb4 b5 41. Kd3 Ke5 42. Ke3 h6 43. Kd3 d4 44. Ke2 Kf4 45. Kd3 Ke5 46. Ke2 Ke4
47. f3+ Ke5 48. Kd3 Kd5 49. Kc2 Kc4 50. Kd2 d3 51. Kd1 Kxb4 52. Kd2 Kc4 53. Kd1
Kc3 54. Ke1 d2+ 55. Kd1 b4 56. f4 b3 57. f5 b2 0-1

[Event "ITA-ch U14 feminile"]
[Site "Merano"]
[Date "2008.07.10"]
[Round "6"]
[White "Doronzo, Eliana"]
[Black "Chiarion, Elisa"]
[Result "1/2-1/2"]
[WhiteElo "1659"]
[BlackElo "1897"]
[PlyCount "120"]
[EventDate "2008.07.??"]

1. e4 c5 2. Nc3 Nc6 3. g3 g6 4. Bg2 Bg7 5. d3 d6 6. Be3 Nf6 7. Nge2 Ng4 8. Bf4
O-O 9. h3 Nf6 10. Qd2 Rb8 11. Bh6 Bd7 12. Bxg7 Kxg7 13. f4 b5 14. O-O b4 15.
Nd1 Ne8 16. f5 Nc7 17. c4 Ne5 18. g4 a5 19. b3 a4 20. h4 Nxg4 21. h5 Ne5 22. d4
cxd4 23. Nxd4 Na6 24. Nf3 Qb6+ 25. Kh1 Bc6 26. Qf4 Nd3 27. Qh4 Qa7 28. f6+ Kg8
29. fxe7 Rfe8 30. Ng5 Rxe7 31. Bh3 Qd4 32. hxg6 Bxe4+ 33. Nxe4 Qxe4+ 34. Qxe4
Rxe4 35. gxh7+ Kg7 36. Rg1+ Kh8 37. Bf5 Rh4+ 38. Kg2 Nf4+ 39. Kg3 Ne2+ 40. Kxh4
Nxg1 41. Bg4 f5 42. Bh5 Kxh7 43. Ne3 Rg8 44. Nxf5 Nc5 45. bxa4 Nxa4 46. Nxd6
Nc3 47. c5 Nge2 48. c6 Nf4 49. c7 Ng2+ 50. Kh3 Nf4+ 51. Kh2 Nxh5 52. c8=Q Rxc8
53. Nxc8 Nf6 54. Ne7 Kg7 55. Nc6 Nfd5 56. Rg1+ Kf6 57. Rg2 Ke6 58. Nxb4 Nxb4
59. a3 Nbd5 60. Rg4 Kd6 1/2-1/2